000 00365nam a22001577a 4500
003 macl
005 20211209155122.0
008 180407b xxu||||| |||| 00| 0 eng d
040 _cmacl
041 _aEnglish
100 _aSARKAR,BENOY KUMAR
_971786
245 _aHindu Art
260 _aKolkata
_bAruna Prakashan
_c2015
650 _aArt
_971787
942 _2ddc
_cBK
999 _c57544
_d57544